Loading...
| History - World | 0 | 4 | 1 | 0 | 35 | 23 | 37.50 | 1 | 3 | 26.49 | 30.00 |
| History - European | 0 | 3 | 2 | 0 | 20 | 12 | 28.33 | 2 | 3 | 21.75 | 28.89 |
| History - American | 0 | 2 | 1 | 0 | 15 | 39 | 52.00 | 0 | 1 | 9.48 | 12.22 |
| Painting/Sculpture | 0 | 2 | 1 | 0 | 15 | 35 | 62.50 | 1 | 1 | 8.90 | 15.56 |
| History - Other | 0 | 2 | 1 | 1 | 15 | 55 | 78.50 | 1 | 1 | 5.46 | 11.25 |
| Pop Culture | 0 | 1 | 0 | 0 | 10 | 60 | 60.00 | 0 | 0 | 9.09 | 2.22 |
| Geography | 0 | 1 | 0 | 0 | 10 | 55 | 55.00 | 0 | 1 | 10.76 | 17.78 |
| Fine Arts - Classical Music | 0 | 1 | 0 | 0 | 10 | 108 | 108.00 | 0 | 0 | 0.00 | 2.22 |
| Fine Arts - Other | 0 | 1 | 0 | 0 | 10 | 102 | 102.00 | 0 | 0 | 1.90 | 6.67 |
| Social Science | 0 | 1 | 0 | 0 | 10 | 61 | 61.00 | 1 | 1 | 5.87 | 12.50 |
| Philosophy | 0 | 1 | 1 | 0 | 5 | 100 | 100.00 | 0 | 0 | 2.38 | 9.52 |
| Literature - American | 0 | 0 | 0 | 0 | 0 | 0.00 | 0 | 0 | 0.00 | 0.00 | |
| Current Events | 0 | 1 | 2 | 0 | 0 | 31 | 31.00 | 0 | 1 | 14.36 | 17.78 |
| Literature - British | 0 | 0 | 0 | 0 | 0 | 0.00 | 0 | 0 | 0.00 | 0.00 | |
| Literature - World | 0 | 0 | 0 | 0 | 0 | 0.00 | 0 | 0 | 0.00 | 0.00 | |
| Mythology | 0 | 0 | 0 | 0 | 0 | 0.00 | 0 | 0 | 0.00 | 0.00 | |
| Religion | 0 | 0 | 2 | 0 | -10 | 0.00 | 0 | 0 | 0.00 | 0.00 |